[Event "Oberliga Ost A 2017 2018"]
[Site "Germany"]
[Date "2017.11.11"]
[Round "2.2"]
[White "Siedentopf, Daniel"]
[Black "Heinrich, Julius Tobias"]
[Result "1-0"]
[WhiteElo "2268"]
[BlackElo "2129"]
[PlyCount "65"]
[EventDate "2017.10.22"]
[EventType "team-tourn"]
[EventCountry "GER"]
[WhiteTeam "Dresden SG Gruen Weiss"]
[BlackTeam "Naumburger SV"]
[WhiteTeamCountry "GER"]
[BlackTeamCountry "GER"]

1. d4 e6 2. c4 f5 3. g3 Nf6 4. Bg2 d5 5. Nf3 Be7 6. O-O O-O 7. Nbd2 c6 8. Ne5
Nbd7 9. Nd3 Ne4 10. Qc2 Ndf6 11. Nf3 Bd7 12. Nfe5 Be8 13. Nf4 Qc8 14. b3 g5 15.
Nfd3 Nd7 16. f3 Nd6 17. Bb2 f4 18. e4 fxe3 19. Rae1 Nf5 20. Bh3 Bd6 21. Bxf5
Rxf5 22. Ng4 Rf8 23. Rxe3 Nf6 24. Nge5 h5 25. Rfe1 Nd7 26. Nxd7 Bxd7 27. Nc5
Rf6 28. Qe2 Bxc5 29. dxc5 Rg6 30. f4 g4 31. f5 Rg5 32. fxe6 Be8 33. Qf2 1-0

[Event "Oberliga Ost A 2017 2018"]
[Site "Germany"]
[Date "2017.11.11"]
[Round "2.3"]
[White "Gering, Samuel"]
[Black "Gehmlich, Marcel"]
[Result "1/2-1/2"]
[WhiteElo "2087"]
[BlackElo "2187"]
[PlyCount "48"]
[EventDate "2017.10.22"]
[EventType "team-tourn"]
[EventCountry "GER"]
[WhiteTeam "Naumburger SV"]
[BlackTeam "Dresden SG Gruen Weiss"]
[WhiteTeamCountry "GER"]
[BlackTeamCountry "GER"]

1. d4 Nf6 2. c4 e6 3. Nf3 Bb4+ 4. Bd2 Qe7 5. e3 O-O 6. Bd3 Bxd2+ 7. Qxd2 d6 8.
O-O e5 9. Be2 Ne4 10. Qc2 f5 11. Nc3 Nxc3 12. Qxc3 e4 13. Nd2 a5 14. f3 exf3
15. Bxf3 Nd7 16. e4 f4 17. Rae1 c6 18. Nb3 a4 19. Nc1 Nf6 20. Nd3 g5 21. h3 Qg7
22. e5 dxe5 23. dxe5 Ne8 24. Nc5 Qe7 1/2-1/2

[Event "Oberliga Ost A 2017 2018"]
[Site "Germany"]
[Date "2017.11.11"]
[Round "2.4"]
[White "Schnoor, Ekkehard"]
[Black "Haertig, Jens"]
[Result "1/2-1/2"]
[WhiteElo "2173"]
[BlackElo "2140"]
[PlyCount "102"]
[EventDate "2017.10.22"]
[EventType "team-tourn"]
[EventCountry "GER"]
[WhiteTeam "Dresden SG Gruen Weiss"]
[BlackTeam "Naumburger SV"]
[WhiteTeamCountry "GER"]
[BlackTeamCountry "GER"]

1. e4 c5 2. Nf3 d6 3. Bb5+ Nc6 4. O-O e6 5. Re1 Nge7 6. c3 a6 7. Bf1 d5 8. exd5
Nxd5 9. d4 Be7 10. dxc5 Bxc5 11. Nbd2 O-O 12. Ne4 Be7 13. Bd3 h6 14. Ng3 Bd7
15. Qe2 Qc7 16. Nh5 f5 17. c4 Ndb4 18. Bb1 a5 19. Nf4 Rf6 20. Nh5 Rf7 21. Nf4
Rf6 22. b3 Bd6 23. Nh5 Rg6 24. Bb2 Re8 25. h3 Rf8 26. a3 Na6 27. Bc2 Nc5 28.
Rad1 Be8 29. Nxg7 Rxg7 30. Bxg7 Kxg7 31. Qd2 Be7 32. b4 axb4 33. axb4 Ne4 34.
Bxe4 fxe4 35. Rxe4 Bg6 36. Rxe6 Bf6 37. b5 Ne5 38. Nxe5 Bxe5 39. Qe2 Bf6 40. b6
Qf4 41. Rd7+ Rf7 42. Rxf7+ Kxf7 43. Re8 Kg7 44. Rc8 Be4 45. Rc7+ Kf8 46. Qd1
Bc6 47. Qh5 Qc1+ 48. Kh2 Qf4+ 49. Kg1 Qc1+ 50. Kh2 Qf4+ 51. Kg1 Qc1+ 1/2-1/2

[Event "Oberliga Ost A 2017 2018"]
[Site "Germany"]
[Date "2017.11.11"]
[Round "2.5"]
[White "Wendling, Florian"]
[Black "Zimmermann, Rene"]
[Result "0-1"]
[WhiteElo "1998"]
[BlackElo "2173"]
[PlyCount "44"]
[EventDate "2017.10.22"]
[EventType "team-tourn"]
[EventCountry "GER"]
[WhiteTeam "Naumburger SV"]
[BlackTeam "Dresden SG Gruen Weiss"]
[WhiteTeamCountry "GER"]
[BlackTeamCountry "GER"]

1. e4 e6 2. d4 d5 3. exd5 exd5 4. Nf3 Nc6 5. Be2 Bd6 6. Nc3 Nge7 7. a3 Bg4 8.
Nb5 O-O 9. O-O Ng6 10. Nxd6 Qxd6 11. h3 Bf5 12. Bd3 Be4 13. Ng5 Rae8 14. c3
Bxd3 15. Qxd3 Nd8 16. f4 f6 17. Nxh7 Kxh7 18. Qf5 Nf7 19. Qh5+ Nh6 20. g4 Re4
21. Rf3 Nxf4 22. Bxf4 Rxf4 0-1

[Event "Oberliga Ost A 2017 2018"]
[Site "Germany"]
[Date "2017.11.11"]
[Round "2.6"]
[White "Hutsch, Oliver"]
[Black "Muekke, Jens Frieder"]
[Result "1-0"]
[WhiteElo "2161"]
[BlackElo "1993"]
[PlyCount "79"]
[EventDate "2017.10.22"]
[EventType "team-tourn"]
[EventCountry "GER"]
[WhiteTeam "Dresden SG Gruen Weiss"]
[BlackTeam "Naumburger SV"]
[WhiteTeamCountry "GER"]
[BlackTeamCountry "GER"]

1. d4 d5 2. Nf3 Nf6 3. g3 e6 4. Bg2 Be7 5. O-O O-O 6. c4 Ne4 7. Nc3 f5 8. Ne5
c6 9. cxd5 exd5 10. f3 Nd6 11. e4 fxe4 12. fxe4 dxe4 13. Qb3+ Kh8 14. Rxf8+
Qxf8 15. Nxe4 Nf5 16. Be3 Nxe3 17. Qxe3 Be6 18. Rf1 Qe8 19. Nc3 Na6 20. Nxc6
Bf6 21. Ne5 Rb8 22. Re1 Nb4 23. Qd2 Qd8 24. a3 Nd5 25. Ne4 Bxe5 26. dxe5 Qb6+
27. Qf2 Qxf2+ 28. Nxf2 Rc8 29. Ne4 h6 30. Nd6 Rc7 31. Nb5 Re7 32. Nd4 Bg8 33.
Nf5 Re8 34. Nd6 Re7 35. Nc8 Re8 36. Nxa7 Nb6 37. Nb5 Nc4 38. e6 Nxb2 39. e7 Nd3
40. Re3 1-0

[Event "Oberliga Ost A 2017 2018"]
[Site "Germany"]
[Date "2017.11.11"]
[Round "2.7"]
[White "Roessler, Bernd"]
[Black "Rudolf, Matthias"]
[Result "1/2-1/2"]
[WhiteElo "2032"]
[BlackElo "2090"]
[PlyCount "44"]
[EventDate "2017.10.22"]
[EventType "team-tourn"]
[EventCountry "GER"]
[WhiteTeam "Naumburger SV"]
[BlackTeam "Dresden SG Gruen Weiss"]
[WhiteTeamCountry "GER"]
[BlackTeamCountry "GER"]

1. d4 e6 2. Nf3 b6 3. g3 Bb7 4. Bg2 Nf6 5. O-O Be7 6. b3 O-O 7. Bb2 d6 8. Nbd2
Nbd7 9. Ne1 Bxg2 10. Kxg2 d5 11. Nd3 Rc8 12. Rc1 c5 13. c4 cxd4 14. Bxd4 dxc4
15. Nxc4 Nc5 16. Nxc5 Bxc5 17. Bxc5 Rxc5 18. Qxd8 Rxd8 19. Rfd1 Rdc8 20. Ra1
Kf8 21. Rd3 Ke7 22. Rad1 Rd5 1/2-1/2

[Event "Oberliga Ost A 2017 2018"]
[Site "Germany"]
[Date "2017.11.11"]
[Round "2.8"]
[White "Butscher, Daniel"]
[Black "Will, Matthias"]
[Result "1/2-1/2"]
[WhiteElo "2144"]
[BlackElo "2025"]
[PlyCount "56"]
[EventDate "2017.10.22"]
[EventType "team-tourn"]
[EventCountry "GER"]
[WhiteTeam "Dresden SG Gruen Weiss"]
[BlackTeam "Naumburger SV"]
[WhiteTeamCountry "GER"]
[BlackTeamCountry "GER"]

1. Nf3 f5 2. d3 d6 3. e4 e5 4. Nc3 Nf6 5. exf5 Bxf5 6. d4 e4 7. Nh4 Bg4 8. Be2
Bxe2 9. Qxe2 d5 10. Bg5 Bb4 11. Qb5+ Nc6 12. Qxb7 Nxd4 13. O-O-O Bxc3 14. bxc3
Rb8 15. Bxf6 gxf6 16. Qa6 Rb6 17. Qa4+ Nc6 18. Rhe1 O-O 19. Rxe4 f5 20. Re3 f4
21. Rh3 Ne5 22. Qd4 Nc4 23. Qxd5+ Qxd5 24. Rxd5 Rfb8 25. Kd1 Re8 26. Rg5+ Kf7
27. Rf5+ Kg8 28. Rg5+ Kf7 1/2-1/2

[Event "Oberliga Ost A 2017 2018"]
[Site "Germany"]
[Date "2017.11.11"]
[Round "2.1"]
[White "Hoepfl, Thomas"]
[Black "Wegener, Dirk"]
[Result "1/2-1/2"]
[WhiteElo "2276"]
[BlackElo "2373"]
[PlyCount "37"]
[EventDate "2017.10.22"]
[EventType "team-tourn"]
[EventCountry "GER"]
[WhiteTeam "Halle USV"]
[BlackTeam "Dresden USV TU II"]
[WhiteTeamCountry "GER"]
[BlackTeamCountry "GER"]

1. e4 e6 2. d4 d5 3. Nc3 Bb4 4. e5 c5 5. a3 Bxc3+ 6. bxc3 Ne7 7. Qg4 Qc7 8.
Qxg7 Rg8 9. Qxh7 cxd4 10. Ne2 Nbc6 11. f4 Bd7 12. Qd3 dxc3 13. Qxc3 O-O-O 14.
Rb1 Nf5 15. Rg1 d4 16. Qd3 Na5 17. Rb4 Nc6 18. Rb1 Na5 19. Rb4 1/2-1/2

[Event "Oberliga Ost A 2017 2018"]
[Site "Germany"]
[Date "2017.11.11"]
[Round "2.2"]
[White "Gungl, Theo"]
[Black "Becker, Michael"]
[Result "0-1"]
[WhiteElo "2279"]
[BlackElo "2286"]
[PlyCount "90"]
[EventDate "2017.10.22"]
[EventType "team-tourn"]
[EventCountry "GER"]
[WhiteTeam "Dresden USV TU II"]
[BlackTeam "Halle USV"]
[WhiteTeamCountry "GER"]
[BlackTeamCountry "GER"]

1. e4 c5 2. Nf3 d6 3. d4 cxd4 4. Nxd4 Nf6 5. Nc3 g6 6. Be3 Bg7 7. f3 O-O 8. Bc4
Nc6 9. Qd2 Bd7 10. O-O-O Na5 11. Bb3 Nxb3+ 12. cxb3 Qa5 13. Kb1 b5 14. g4 b4
15. Nce2 Rfd8 16. Nc2 Rab8 17. h4 h5 18. gxh5 Qxh5 19. Rdf1 Bb5 20. Nf4 Qh8 21.
Rfg1 Nh5 22. Rxg6 Nxf4 23. Rxg7+ Qxg7 24. Bxf4 Kh7 25. Qd5 Qg6 26. Be3 e6 27.
Qd4 Qh5 28. Qf6 Bd3 29. Rd1 Bxe4 30. Rg1 Rg8 31. Bg5 Bxc2+ 32. Kxc2 Qg6+ 33.
Qxg6+ Rxg6 34. Rd1 f6 35. Be3 Rg2+ 36. Kb1 d5 37. Bxa7 Rc8 38. f4 Kg6 39. Bd4
Kf5 40. a4 Rcc2 41. a5 e5 42. fxe5 fxe5 43. Rf1+ Ke4 44. Bb6 Rxb2+ 45. Kc1 d4
0-1

[Event "Oberliga Ost A 2017 2018"]
[Site "Germany"]
[Date "2017.11.11"]
[Round "2.3"]
[White "Reipsch, Jens"]
[Black "Salzmann, Peter"]
[Result "1-0"]
[WhiteElo "2242"]
[BlackElo "2139"]
[PlyCount "65"]
[EventDate "2017.10.22"]
[EventType "team-tourn"]
[EventCountry "GER"]
[WhiteTeam "Halle USV"]
[BlackTeam "Dresden USV TU II"]
[WhiteTeamCountry "GER"]
[BlackTeamCountry "GER"]

1. e4 e5 2. Nf3 Nc6 3. Bb5 d6 4. d4 exd4 5. Nxd4 Bd7 6. O-O Nxd4 7. Bxd7+ Qxd7
8. Qxd4 Ne7 9. Nc3 Nc6 10. Qe3 Be7 11. Nd5 O-O 12. Bd2 f5 13. exf5 Rxf5 14.
Nxe7+ Qxe7 15. Qb3+ Rf7 16. Qxb7 Qe8 17. Rae1 Ne7 18. Qxc7 Rc8 19. Qxa7 Qf8 20.
Qa4 Ng6 21. Re2 Ra8 22. Qb3 Rb8 23. Qa4 Ra8 24. Qd4 Rxa2 25. Rfe1 Ra8 26. c4
Rb8 27. b4 h5 28. b5 h4 29. h3 Rc8 30. Bb4 Rf4 31. Qd5+ Qf7 32. Re8+ Rxe8 33.
Rxe8+ 1-0

[Event "Oberliga Ost A 2017 2018"]
[Site "Germany"]
[Date "2017.11.11"]
[Round "2.4"]
[White "Ader, Gunter"]
[Black "Hartge, Gedeon"]
[Result "1/2-1/2"]
[WhiteElo "2036"]
[BlackElo "2144"]
[PlyCount "57"]
[EventDate "2017.10.22"]
[EventType "team-tourn"]
[EventCountry "GER"]
[WhiteTeam "Dresden USV TU II"]
[BlackTeam "Halle USV"]
[WhiteTeamCountry "GER"]
[BlackTeamCountry "GER"]

1. e4 c5 2. Nf3 e6 3. c3 Nc6 4. d4 d5 5. exd5 exd5 6. Bb5 Bd6 7. O-O Nge7 8.
Nbd2 O-O 9. dxc5 Bxc5 10. Nb3 Bd6 11. Nbd4 Bg4 12. Qd3 Bh5 13. Be3 Qc7 14. h3
a6 15. Ba4 Na5 16. Nh4 Qc4 17. Bc2 Qxd3 18. Bxd3 Nc4 19. Bc1 Be5 20. g4 Bg6 21.
Nxg6 hxg6 22. b3 Nd6 23. Ba3 Rfd8 24. Ne2 Bf6 25. Rad1 Nc6 26. Bc5 Rac8 27. Bb6
Re8 28. Nf4 Ne7 29. Bd4 1/2-1/2

[Event "Oberliga Ost A 2017 2018"]
[Site "Germany"]
[Date "2017.11.11"]
[Round "2.5"]
[White "Schulte, Felix"]
[Black "Verhulst, Nicolaas"]
[Result "1-0"]
[WhiteElo "1967"]
[BlackElo "2070"]
[PlyCount "47"]
[EventDate "2017.10.22"]
[EventType "team-tourn"]
[EventCountry "GER"]
[WhiteTeam "Halle USV"]
[BlackTeam "Dresden USV TU II"]
[WhiteTeamCountry "GER"]
[BlackTeamCountry "GER"]

1. d4 e6 2. c4 Bb4+ 3. Nc3 f5 4. Qc2 Nf6 5. a3 Bxc3+ 6. Qxc3 b6 7. Nf3 Bb7 8.
b4 O-O 9. Bb2 d6 10. e3 Ne4 11. Qc2 Nd7 12. Bd3 Ng5 13. Nxg5 Qxg5 14. O-O-O e5
15. h4 Qxg2 16. Rhg1 Qh3 17. Rg3 Qxh4 18. Bxf5 Nf6 19. Rdg1 Be4 20. Rxg7+ Kh8
21. Bxe4 Nxe4 22. R7g4 Qxf2 23. Qxe4 Qe2 24. Qxh7+ 1-0

[Event "Oberliga Ost A 2017 2018"]
[Site "Germany"]
[Date "2017.11.11"]
[Round "2.6"]
[White "Schmalhofer, Adam"]
[Black "Luther, Juergen"]
[Result "0-1"]
[WhiteElo "2058"]
[BlackElo "2157"]
[PlyCount "66"]
[EventDate "2017.10.22"]
[EventType "team-tourn"]
[EventCountry "GER"]
[WhiteTeam "Dresden USV TU II"]
[BlackTeam "Halle USV"]
[WhiteTeamCountry "GER"]
[BlackTeamCountry "GER"]

1. d4 e6 2. e4 d5 3. exd5 exd5 4. Bd3 Nf6 5. Ne2 Nc6 6. c3 Bd6 7. Bg5 h6 8. Bh4
Be6 9. Nd2 Qe7 10. b4 a5 11. b5 Nb8 12. h3 g5 13. Bg3 Bxg3 14. fxg3 Nbd7 15.
O-O Bxh3 16. Nf4 gxf4 17. Re1 Be6 18. gxf4 Qd6 19. f5 O-O-O 20. fxe6 fxe6 21.
Qf3 Rdf8 22. Qh3 Re8 23. Nf3 Kb8 24. Ne5 Nxe5 25. Rxe5 Nd7 26. Rh5 e5 27. Bf5
Nb6 28. Qh2 Qa3 29. Rh3 exd4 30. cxd4 Qb2 31. Rb1 Qxd4+ 32. Kh1 Ref8 33. Rh4
Qd2 0-1

[Event "Oberliga Ost A 2017 2018"]
[Site "Germany"]
[Date "2017.11.11"]
[Round "2.7"]
[White "Groeger, Stefan"]
[Black "Richter, Claudius"]
[Result "0-1"]
[WhiteElo "2150"]
[BlackElo "2047"]
[PlyCount "76"]
[EventDate "2017.10.22"]
[EventType "team-tourn"]
[EventCountry "GER"]
[WhiteTeam "Halle USV"]
[BlackTeam "Dresden USV TU II"]
[WhiteTeamCountry "GER"]
[BlackTeamCountry "GER"]

1. d4 Nf6 2. Nf3 c5 3. c4 cxd4 4. Nxd4 b6 5. Nc3 Bb7 6. Bg5 e6 7. e3 Be7 8. Nf3
O-O 9. Be2 d5 10. O-O h6 11. Bf4 Nbd7 12. Ne5 Nxe5 13. Bxe5 Bd6 14. Bxd6 Qxd6
15. cxd5 Rfd8 16. Bf3 Nxd5 17. Nxd5 Bxd5 18. e4 Bb7 19. Qxd6 Rxd6 20. e5 Rd7
21. Bxb7 Rxb7 22. Rac1 Rd8 23. Rc2 Rbd7 24. f4 Rd2 25. Rxd2 Rxd2 26. Rf2 Rd1+
27. Rf1 Rd4 28. Rf2 Kh7 29. g3 Kg6 30. Kg2 Kf5 31. Kf3 Rd3+ 32. Ke2 Ke4 33. Rf1
Re3+ 34. Kd2 Rd3+ 35. Ke2 Re3+ 36. Kd2 Rf3 37. Re1+ Kd4 38. Re2 g5 0-1

[Event "Oberliga Ost A 2017 2018"]
[Site "Germany"]
[Date "2017.11.11"]
[Round "2.8"]
[White "Richter, Philipp"]
[Black "Perekhozhuk, Maksym"]
[Result "1/2-1/2"]
[WhiteElo "1795"]
[BlackElo "1918"]
[PlyCount "88"]
[EventDate "2017.10.22"]
[EventType "team-tourn"]
[EventCountry "GER"]
[WhiteTeam "Dresden USV TU II"]
[BlackTeam "Halle USV"]
[WhiteTeamCountry "GER"]
[BlackTeamCountry "GER"]

1. d4 Nf6 2. c4 c5 3. d5 b5 4. Bg5 Ne4 5. Bf4 Qa5+ 6. Nd2 Nf6 7. f3 d6 8. e4 g6
9. cxb5 a6 10. Qb3 Nbd7 11. Ne2 Bg7 12. Nc3 Nh5 13. Be3 axb5 14. Bxb5 O-O 15.
Nc4 Qa7 16. a4 Ne5 17. O-O Ba6 18. g4 Nxc4 19. Qxc4 Nf6 20. Bxa6 Qxa6 21. Qxa6
Rxa6 22. Rfc1 Nd7 23. Rc2 Rb8 24. Rb1 Ne5 25. Kg2 Nc4 26. Bc1 Rb3 27. Kf2 Rab6
28. Nb5 Ne5 29. Be3 Nd3+ 30. Ke2 Rxb2 31. Rcxb2 Nxb2 32. Na3 Nxa4 33. Rxb6 Nxb6
34. Kd3 Kf8 35. Bd2 Nd7 36. f4 Ke8 37. Nc4 Bd4 38. h3 Nf6 39. Na5 Kd7 40. Nb3
Bg1 41. Bc3 Ne8 42. Nd2 Nc7 43. Nf3 Bf2 44. Ng5 e6 1/2-1/2

[Event "Oberliga Ost A 2017 2018"]
[Site "Germany"]
[Date "2017.11.11"]
[Round "2.1"]
[White "Lechtynsky, Jiri"]
[Black "Hoffmann, Hendrik"]
[Result "1/2-1/2"]
[WhiteElo "2367"]
[BlackElo "2298"]
[PlyCount "78"]
[EventDate "2017.10.22"]
[EventType "team-tourn"]
[EventCountry "GER"]
[WhiteTeam "Hoyerswerda FVS ASP"]
[BlackTeam "Leipzig SG"]
[WhiteTeamCountry "GER"]
[BlackTeamCountry "GER"]

1. d4 d5 2. Nf3 Nf6 3. c4 dxc4 4. e3 Bg4 5. Bxc4 e6 6. Nc3 a6 7. h3 Bh5 8. O-O
Nc6 9. Be2 Bd6 10. b3 O-O 11. Bb2 Qe7 12. Nd2 Bxe2 13. Qxe2 e5 14. d5 Nb4 15.
e4 Nc2 16. Rac1 Nd4 17. Qd1 Rac8 18. Ne2 Nxe2+ 19. Qxe2 Ba3 20. Bxa3 Qxa3 21.
Nc4 Qe7 22. Rc2 Ne8 23. Rfc1 Nd6 24. Nxd6 Qxd6 25. Rc5 f5 26. f3 h6 27. b4 fxe4
28. fxe4 Rf4 29. Kh2 Rcf8 30. Rxc7 Qxb4 31. R1c4 Qb6 32. Rc8 Rxc8 33. Rxc8+ Kh7
34. Rc2 Qg6 35. Rc4 b5 36. Rb4 Qf6 37. Rb2 Qg6 38. Rb4 Qf6 39. Rb2 Qg6 1/2-1/2

[Event "Oberliga Ost A 2017 2018"]
[Site "Germany"]
[Date "2017.11.11"]
[Round "2.2"]
[White "Roesemann, Rainer"]
[Black "Spivak, Ilya"]
[Result "1/2-1/2"]
[WhiteElo "2208"]
[BlackElo "2329"]
[PlyCount "173"]
[EventDate "2017.10.22"]
[EventType "team-tourn"]
[EventCountry "GER"]
[WhiteTeam "Leipzig SG"]
[BlackTeam "Hoyerswerda FVS ASP"]
[WhiteTeamCountry "GER"]
[BlackTeamCountry "GER"]

1. d4 d5 2. Bf4 Nf6 3. e3 c5 4. c3 Nc6 5. Nd2 Bf5 6. Qb3 Qc8 7. c4 e6 8. Ngf3
dxc4 9. Bxc4 a6 10. O-O b5 11. Be2 c4 12. Bxc4 bxc4 13. Nxc4 Nd5 14. Bg3 Ncb4
15. Rac1 Qd7 16. Rfe1 Nd3 17. e4 Nxc1 18. Qd1 Bxe4 19. Rxe4 Nxa2 20. Nfe5 Qb5
21. Qf3 f6 22. Qh5+ g6 23. Nxg6 Nf4 24. Nxf4+ Qxh5 25. Nxh5 Kf7 26. Nxf6 Rc8
27. b3 Nc3 28. Re1 Bb4 29. Ng4 Rhd8 30. Be5 h5 31. Nge3 Nb5 32. Rd1 Bc3 33. Nc2
Ke7 34. h3 a5 35. Rd3 a4 36. bxa4 Bxd4 37. Nxd4 Nxd4 38. Bd6+ Rxd6 39. Nxd6
Rc1+ 40. Kh2 e5 41. Nb5 Ne6 42. Re3 Kf6 43. Rc3 Rb1 44. Rc6 Ke7 45. Rc2 Ra1 46.
Re2 Kf6 47. Nc3 Ra3 48. Ne4+ Kg6 49. Nd6 Kf6 50. Rxe5 Rd3 51. Rxh5 Rxd6 52. a5
Rd3 53. g4 Ra3 54. h4 Nd4 55. Kg2 Kg6 56. Rd5 Ne2 57. Rd6+ Kg7 58. a6 Nf4+ 59.
Kg1 Nh3+ 60. Kg2 Nf4+ 61. Kh2 Rh3+ 62. Kg1 Ne2+ 63. Kf1 Nf4 64. Ke1 Rxh4 65.
Kd2 Rh1 66. Ke3 Ng6 67. f4 Ra1 68. f5 Ne5 69. Kf4 Nf7 70. Rg6+ Kh7 71. Ke4 Nh6
72. Kf4 Ra4+ 73. Kg3 Nxg4 74. Rxg4 Rxa6 75. Kh4 Ra8 76. Rg6 Rg8 77. Ra6 Rg1 78.
Kh5 Kg7 79. Rg6+ Rxg6 80. fxg6 Kg8 81. Kg5 Kg7 82. Kf5 Kg8 83. Ke6 Kg7 84. Kf5
Kg8 85. Kf6 Kf8 86. g7+ Kg8 87. Kg6 1/2-1/2

[Event "Oberliga Ost A 2017 2018"]
[Site "Germany"]
[Date "2017.11.11"]
[Round "2.3"]
[White "Orsag, Milan"]
[Black "Rausch, Stephan"]
[Result "0-1"]
[WhiteElo "2342"]
[BlackElo "2229"]
[PlyCount "68"]
[EventDate "2017.10.22"]
[EventType "team-tourn"]
[EventCountry "GER"]
[WhiteTeam "Hoyerswerda FVS ASP"]
[BlackTeam "Leipzig SG"]
[WhiteTeamCountry "GER"]
[BlackTeamCountry "GER"]

1. d4 d5 2. Nf3 c6 3. c4 e6 4. Qc2 dxc4 5. Qxc4 b5 6. Qc2 Bb7 7. g3 Nd7 8. Bg2
Rc8 9. O-O Qb6 10. Nc3 Ngf6 11. a4 a5 12. Ne5 Nxe5 13. dxe5 Nd5 14. Ne4 b4 15.
Nd6+ Bxd6 16. exd6 c5 17. e4 Nf6 18. Rd1 O-O 19. Bg5 Nd7 20. Be7 Rfe8 21. b3 c4
22. bxc4 Rc5 23. Rac1 Rec8 24. h4 Qc6 25. f3 Rxc4 26. Qxc4 Qxc4 27. Rxc4 Rxc4
28. Bd8 Bc6 29. Bxa5 Bxa4 30. Rb1 b3 31. f4 f6 32. Bf3 Kf7 33. Bh5+ g6 34. Bd1
b2 0-1

[Event "Oberliga Ost A 2017 2018"]
[Site "Germany"]
[Date "2017.11.11"]
[Round "2.4"]
[White "Schultz, Andreas"]
[Black "Hovsepyan, Vardan"]
[Result "0-1"]
[WhiteElo "2215"]
[BlackElo "2218"]
[PlyCount "58"]
[EventDate "2017.10.22"]
[EventType "team-tourn"]
[EventCountry "GER"]
[WhiteTeam "Leipzig SG"]
[BlackTeam "Hoyerswerda FVS ASP"]
[WhiteTeamCountry "GER"]
[BlackTeamCountry "GER"]

1. d4 Nf6 2. c4 g6 3. Nc3 c5 4. d5 d6 5. e4 Bg7 6. Bd3 O-O 7. Nge2 e5 8. O-O
Ng4 9. h3 Nh6 10. f4 f5 11. Rb1 exf4 12. Bxf4 g5 13. Bd2 Nd7 14. Ng3 f4 15. Nh5
Bd4+ 16. Kh2 Ne5 17. Be2 a6 18. Qc1 Qd7 19. Bxf4 Neg4+ 20. Kh1 gxf4 21. Rxf4
Rxf4 22. Qxf4 Nf2+ 23. Kh2 Qe7 24. Qxh6 Bd7 25. g4 Nxe4 26. Bd3 Nf2 27. Bc2 Rf8
28. Rf1 Nxg4+ 29. hxg4 Rxf1 0-1

[Event "Oberliga Ost A 2017 2018"]
[Site "Germany"]
[Date "2017.11.11"]
[Round "2.5"]
[White "Kesik, Klaus Dieter"]
[Black "Braun, Gottfried"]
[Result "1-0"]
[WhiteElo "2222"]
[BlackElo "2220"]
[PlyCount "89"]
[EventDate "2017.10.22"]
[EventType "team-tourn"]
[EventCountry "GER"]
[WhiteTeam "Hoyerswerda FVS ASP"]
[BlackTeam "Leipzig SG"]
[WhiteTeamCountry "GER"]
[BlackTeamCountry "GER"]

1. d4 d6 2. Nf3 Nf6 3. Bf4 Nh5 4. Bg5 h6 5. Bh4 g5 6. Bg3 Bg7 7. e3 Nd7 8. c3
Ndf6 9. Bd3 O-O 10. Nbd2 b6 11. Qe2 Bb7 12. O-O-O Qe8 13. e4 Nxg3 14. hxg3 e5
15. dxe5 dxe5 16. Nc4 Nd7 17. Ne3 Nc5 18. Nf5 Nxd3+ 19. Qxd3 Qe6 20. b3 Rfe8
21. Kb2 a5 22. Rhe1 Bc6 23. Nd2 Rad8 24. Qc2 Bf8 25. Nc4 a4 26. f3 axb3 27.
axb3 Rxd1 28. Rxd1 Ra8 29. Ra1 Rxa1 30. Kxa1 f6 31. Kb2 Qc8 32. Nce3 Qd7 33. b4
Kf7 34. Qb3+ Qe6 35. g4 Qxb3+ 36. Kxb3 Ke6 37. c4 Bb7 38. Nd5 c5 39. Nxb6 cxb4
40. Nd5 Bxd5 41. exd5+ Kd7 42. d6 Bxd6 43. Nxd6 Kxd6 44. Kxb4 Kc6 45. c5 1-0

[Event "Oberliga Ost A 2017 2018"]
[Site "Germany"]
[Date "2017.11.11"]
[Round "2.6"]
[White "Gempe, Thomas"]
[Black "Jahnel, Guenther"]
[Result "1/2-1/2"]
[WhiteElo "2196"]
[BlackElo "2222"]
[PlyCount "29"]
[EventDate "2017.10.22"]
[EventType "team-tourn"]
[EventCountry "GER"]
[WhiteTeam "Leipzig SG"]
[BlackTeam "Hoyerswerda FVS ASP"]
[WhiteTeamCountry "GER"]
[BlackTeamCountry "GER"]

1. d4 Nf6 2. c4 g6 3. Nc3 Bg7 4. e4 O-O 5. Nf3 d6 6. Be2 Nbd7 7. O-O e5 8. Re1
Re8 9. Bf1 c6 10. d5 c5 11. Be3 Nh5 12. Qd2 Nf8 13. h3 f5 14. Bg5 Qd7 15. g3
1/2-1/2

[Event "Oberliga Ost A 2017 2018"]
[Site "Germany"]
[Date "2017.11.11"]
[Round "2.7"]
[White "Boehm, Robert"]
[Black "Dietze, Frank"]
[Result "1/2-1/2"]
[WhiteElo "2148"]
[BlackElo "2098"]
[PlyCount "117"]
[EventDate "2017.10.22"]
[EventType "team-tourn"]
[EventCountry "GER"]
[WhiteTeam "Hoyerswerda FVS ASP"]
[BlackTeam "Leipzig SG"]
[WhiteTeamCountry "GER"]
[BlackTeamCountry "GER"]

1. d4 Nf6 2. Nf3 g6 3. c4 Bg7 4. Nc3 O-O 5. e4 d6 6. Be2 e5 7. Be3 Ng4 8. Bg5
f6 9. Bh4 g5 10. Bg3 Nh6 11. dxe5 fxe5 12. h4 g4 13. Nh2 Be6 14. Nxg4 Nxg4 15.
Bxg4 Bxc4 16. Qa4 Bf7 17. h5 Qg5 18. Qd1 Nc6 19. Bh4 Qh6 20. Nb5 Bc4 21. Nxc7
Qf4 22. Bf3 Nd4 23. Nxa8 Rxa8 24. Bg3 Qf6 25. b3 Ba6 26. Rc1 Bh6 27. Rc7 Qd8
28. Rc4 Qa5+ 29. Kf1 Qxa2 30. Kg1 Bxc4 31. bxc4 Qxc4 32. Bg4 Qc1 33. Kh2 Qxd1
34. Rxd1 b5 35. f4 Bg7 36. h6 Bf6 37. Bf2 Kf7 38. Bxd4 exd4 39. Rc1 Be7 40. Rc7
a5 41. Bh5+ Kf8 42. f5 Bg5 43. Rf7+ Kg8 44. Rg7+ Kh8 45. Rxg5 a4 46. f6 a3 47.
Bf7 a2 48. Bxa2 Rxa2 49. Rxb5 Kg8 50. Rd5 Re2 51. Rxd4 Kf7 52. Rxd6 Rxe4 53.
Kh3 Rf4 54. g4 Rxf6 55. Rxf6+ Kxf6 56. Kh4 Kf7 57. Kg5 Kg8 58. Kf6 Kh8 59. Kf7
1/2-1/2

[Event "Oberliga Ost A 2017 2018"]
[Site "Germany"]
[Date "2017.11.11"]
[Round "2.8"]
[White "Schoetzig, Andreas"]
[Black "Graf, Roland"]
[Result "1/2-1/2"]
[WhiteElo "2200"]
[BlackElo "2103"]
[PlyCount "102"]
[EventDate "2017.10.22"]
[EventType "team-tourn"]
[EventCountry "GER"]
[WhiteTeam "Leipzig SG"]
[BlackTeam "Hoyerswerda FVS ASP"]
[WhiteTeamCountry "GER"]
[BlackTeamCountry "GER"]

1. e4 e6 2. d4 d5 3. e5 c5 4. c3 Nc6 5. Nf3 Qb6 6. a3 c4 7. Nbd2 f6 8. exf6
Nxf6 9. b3 cxb3 10. Qxb3 Qxb3 11. Nxb3 Bd6 12. Bd3 O-O 13. O-O e5 14. dxe5 Nxe5
15. Nxe5 Bxe5 16. Nd4 Ne4 17. Bb2 Nc5 18. Bc2 Bd7 19. a4 Rfe8 20. Rfd1 Bxd4 21.
cxd4 Re2 22. dxc5 Rxc2 23. Bd4 Re8 24. Be3 Bc6 25. a5 a6 26. h3 Re4 27. Rd4 Rc4
28. Rad1 Rexd4 29. Bxd4 g6 30. Rd2 Ra4 31. Bc3 Ra3 32. Bb4 Rb3 33. Rd4 Bb5 34.
Bd2 Rd3 35. Rxd3 Bxd3 36. Bc3 Kf7 37. f3 Ke6 38. Kf2 Kd7 39. g3 Kc6 40. Ke3 Bf1
41. h4 Kxc5 42. Bd4+ Kc4 43. g4 h5 44. gxh5 gxh5 45. Bb6 Bd3 46. Kf4 Be2 47.
Ke3 Bd1 48. Ba7 Kb5 49. Bb6 Kc4 50. Ba7 Kb5 51. Bb6 Kc4 1/2-1/2